000 00665nam a2200181 4500
008 010925s1992 us 1 engCA
020 _a052135806X
090 _aBS2805.5
_bL62t
100 1 _aLieu, Judith
245 1 0 _aThe theology of Johannine epistles /
_cby Judith Lieu.
260 _aCambridge :
_bCambridge University Press,
_cc19921.
300 _axii, 130 p.
490 1 _aNew Testament theology
504 _aSelect. biblio: pp. 121-123 / Includes indexes
650 4 _aBible. N. T. Epistles of John
_xCriticism, interpretation etc.
650 4 _aBible. N. T. Epistles of John
_xTheology.
951 _p16196
_oBS2805.5/L62t
_j070613111004859
_d2000-12-21
_cREF
999 _c4175
_d4175